ბათუმის შოთა რუსთაველის სახელმწიფო უნივერსიტეტის ბიბლიოთეკა

ბათუმელები №4 ივნისი. 2017 (ბიბ.ჩანაწერი № 53966)

000 -LEADER
fixed length control field 00666nam a2200193Ia 4500
001 - CONTROL NUMBER
control field 21017
003 - CONTROL NUMBER IDENTIFIER
control field GE_BSU
008 - FIXED-LENGTH DATA ELEMENTS--GENERAL INFORMATION
fixed length control field 181216s||||||||xx |||||||||||||| ||und||
040 ## - CATALOGING SOURCE
Transcribing agency GE_BSU
245 ## - TITLE STATEMENT
Title ბათუმელები №4 ივნისი. 2017
245 ## - TITLE STATEMENT
Statement of responsibility, etc. მთავ. რედ. ე. თურაძე. რედ. ნ. კვაჭაძე
260 ## - PUBLICATION, DISTRIBUTION, ETC.
Place of publication, distribution, etc. ბათუმი
260 ## - PUBLICATION, DISTRIBUTION, ETC.
Name of publisher, distributor, etc. შპს "გაზეთი ბათუმელები
260 ## - PUBLICATION, DISTRIBUTION, ETC.
Date of publication, distribution, etc. 2017
300 ## - PHYSICAL DESCRIPTION
Extent 119გვ. ; 28სმ. ილ.
653 ## - INDEX TERM--UNCONTROLLED
Uncontrolled term ბათუმელები №1 მარტი. 2017
653 ## - INDEX TERM--UNCONTROLLED
Uncontrolled term პერიოდიკა
942 ## - ADDED ENTRY ELEMENTS (KOHA)
Koha item type პერიოდიკა
ეგზემპლარები
Withdrawn status Lost status Damaged status Not for loan Date acquired Barcode Date last seen Price effective from Koha item type Public note
        2018-12-17 p 78644 2018-12-17 2018-12-17 პერიოდიკა პერიოდიკა